The ground rents cap (Record no. 122238)
[ view plain ]
| 000 -LEADER | |
|---|---|
| fixed length control field | 01158nam a22002297a 4500 |
| 005 - DATE AND TIME OF LATEST TRANSACTION | |
| control field | 20260203102434.0 |
| 008 - FIXED-LENGTH DATA ELEMENTS--GENERAL INFORMATION | |
| fixed length control field | 260203t2026 xxk|||||o||||o00| 0 eng d |
| 245 ## - TITLE STATEMENT | |
| Title | The ground rents cap |
| Remainder of title | a research briefing |
| Medium | [Electronic resource] |
| 260 ## - PUBLICATION, DISTRIBUTION, ETC. | |
| Place of publication, distribution, etc. | London, |
| Name of publisher, distributor, etc. | House of Commons Library, |
| Date of publication, distribution, etc. | 29 January 2026 |
| 490 ## - SERIES STATEMENT | |
| Series statement | Research Briefing |
| 520 ## - SUMMARY, ETC. | |
| Summary, etc. | A House of Commons Library briefing on the government announced proposals announced 27 Janjaru 2026 for further reforms to the leasehold system in England and Wales. Among other changes, it announced that it intends to cap ground rents at £250 a year (with some limited exceptions), changing to a peppercorn (zero financial value) cap after 40 years. |
| 650 ## - SUBJECT ADDED ENTRY--TOPICAL TERM | |
| Topical term or geographic name entry element | GROUND RENTS |
| 650 ## - SUBJECT ADDED ENTRY--TOPICAL TERM | |
| Topical term or geographic name entry element | COMMONHOLD AND LEASEHOLD REFORM BILL 2025-26 |
| 650 ## - SUBJECT ADDED ENTRY--TOPICAL TERM | |
| Topical term or geographic name entry element | HOUSING |
| 650 ## - SUBJECT ADDED ENTRY--TOPICAL TERM | |
| Topical term or geographic name entry element | LANDLORD AND TENANT |
| 650 ## - SUBJECT ADDED ENTRY--TOPICAL TERM | |
| Topical term or geographic name entry element | TENANTS' RIGHTS |
| 690 ## - LOCAL SUBJECT ADDED ENTRY--TOPICAL TERM (OCLC, RLIN) | |
| Topical term or geographic name as entry element | Landlord and tenant |
| 9 (RLIN) | 6252 |
| 700 ## - ADDED ENTRY--PERSONAL NAME | |
| Personal name | Foley, Niamh |
| 710 ## - ADDED ENTRY--CORPORATE NAME | |
| 9 (RLIN) | 1448 |
| Corporate name or jurisdiction name as entry element | Parliament. House of Commons. Library |
| 856 ## - ELECTRONIC LOCATION AND ACCESS | |
| Uniform Resource Identifier | <a href="https://commonslibrary.parliament.uk/research-briefings/cbp-10477/">https://commonslibrary.parliament.uk/research-briefings/cbp-10477/</a> |
| Public note | Available online at the House of Commons Library |
| 942 ## - ADDED ENTRY ELEMENTS (KOHA) | |
| Source of classification or shelving scheme | Dewey Decimal Classification |
| Withdrawn status | Lost status | Damaged status | Not for loan | Home library | Current library | Shelving location | Date acquired | Total Checkouts | Date last seen | Price effective from | Koha item type |
|---|---|---|---|---|---|---|---|---|---|---|---|
| Virtual | Virtual | Online | 03/02/2026 | 03/02/2026 | 03/02/2026 | Online material |